000
00305nam a2200109 4500
999
_c
13531
_d
13531
008
190328b ||||| |||| 00| 0 eng d
245
_a
Staying vigilant against cyber attacks.
260
_a
Phillippines
_b
Manila Bulletin
_c
c2017
300
_a
page C4.
650
0
_9
37804
_a
Crimes- cyber.
942
_2
ddc
_c
PER